hell Hath No Fury/ (Record no. 210664)

MARC details
000 -LEADER
fixed length control field 00497nam a2200169 4500
005 - DATE AND TIME OF LATEST TRANSACTION
control field 20250402150401.0
010 ## - LCCN (DPL NO)
LC control number ENG-144450
020 ## - INTERNATIONAL STANDARD BOOK NUMBER
International Standard Book Number 9789357315913
Terms of availability 599.00
035 ## - SYSTEM CONTROL NUMBER
System control number EN-127982
037 ## - SOURCE OF ACQUISITION
Source of stock number/acquisition DBAD
082 ## - DEWEY DECIMAL CLASSIFICATION NUMBER
Classification number S
245 ## - TITLE STATEMENT
Title hell Hath No Fury/
Statement of responsibility, etc Edited By Shinie Antomy
260 ## - PUBLICATION, DISTRIBUTION, ETC. (IMPRINT)
Place of publication, distribution, etc Gurugram
Name of publisher, distributor, etc Hachette Books Publishing
Date of publication, distribution, etc 2024
270 ## - ADDRESS
Address 4th and 5th Floor, Corporate Centre, Plot No.-94, Sector 44,
City Gurugram
Postal code 122003
300 ## - PHYSICAL DESCRIPTION
Extent 269p.
Dimensions 20cm(pb)
942 ## - ADDED ENTRY ELEMENTS (KOHA)
Source of classification or shelving scheme Dewey Decimal Classification
Item type English Books
Classification part S
Call number suffix HEL
Holdings
Withdrawn status Lost status Not for loan Collection code Home library Current library Date acquired Source of acquisition Cost, normal purchase price Full call number Barcode Copy number Cost, replacement price Koha item type
    Not For Loan Fiction D.B.Act.Division D.B.Act.Division 02/04/2025 Delivery of Books Act Division 599.00 S HEL EN-127982 1 599.00 English Books

© Delhi Public Library
Hit Counter
free hit counter